00388nam a2200181Ia 4500008004000000041000800040082001200048100000600060245004300066260003000109650000800139650001100147650001200158650001300170650000700183650000700190650000900197210210b1837 xxu||||| |||| 00| 0 eng d aeng a940/251 a- aPresent position of Russia in the east aLondonbJohn Murrayc1837 athe aRussia aPresent aposition aof ain aeast